UBT Library

Education report card : (Record no. 40415)

000 -LEADER
fixed length control field 00705cam a2200229 a 4500
001 - CONTROL NUMBER
control field 4733253
005 - DATE AND TIME OF LATEST TRANSACTION
control field 20180117040117.0
008 - FIXED-LENGTH DATA ELEMENTS--GENERAL INFORMATION
fixed length control field 840827s1985 dcua b 001 0 eng
010 ## - LIBRARY OF CONGRESS CONTROL NUMBER
LC control number 84019932
020 ## - INTERNATIONAL STANDARD BOOK NUMBER
International Standard Book Number 0871873389 :
Terms of availability $8.50
040 ## - CATALOGING SOURCE
Original cataloging agency DLC
Transcribing agency DLC
Modifying agency DLC
041 ## - LANGUAGE CODE
Language code of text/sound track or separate title eng
043 ## - GEOGRAPHIC AREA CODE
Geographic area code n-us---
080 ## - UNIVERSAL DECIMAL CLASSIFICATION NUMBER
Universal Decimal Classification number 370..973 HOY
082 00 - DEWEY DECIMAL CLASSIFICATION NUMBER
Classification number 370..973 HOY
Edition number 19
100 ## - Rafti
Rafti 46
101 ## - Shkurtesa
Shkurtesa EDU
245 00 - TITLE STATEMENT
Title Education report card :
504 ## - BIBLIOGRAPHY, ETC. NOTE
Bibliography, etc Includes bibliographies and index.
906 ## - LOCAL DATA ELEMENT F, LDF (RLIN)
a 7
b cbc
c orignew
d 1
e ocip
f 19
g y-gencatlg
942 ## - ADDED ENTRY ELEMENTS (KOHA)
Source of classification or shelving scheme
Item type Books
Holdings
Withdrawn status Lost status Source of classification or shelving scheme Damaged status Not for loan Collection code Permanent location Current location Shelving location Date acquired Total Checkouts Full call number Barcode Date last seen Price effective from Koha item type
          Koleksioni i përgjithshem UBT - Lipjan UBT - Lipjan Koleksioni i përgjithshem 01/17/2018   370..973 HOY 002-2995635 01/17/2018 01/17/2018 Books
UBT Library © 2015-2024. All rights reserved University Education for Business and Technology